[Event "Geneve FIDE GP (Women)"]
[Site "Geneve"]
[Date "2013.05.04"]
[Round "2"]
[White "Kosteniuk, Alexandra"]
[Black "Girya, Olga"]
[Result "1/2-1/2"]
[WhiteElo "2491"]
[BlackElo "2463"]
[PlyCount "115"]
[EventDate "2013.05.03"]
[EventType "tourn"]
[EventRounds "11"]
[EventCountry "SUI"]
[EventCategory "11"]
[SourceTitle "CBM 154 Extra"]
[Source "ChessBase"]
[SourceDate "2013.06.25"]
[SourceVersion "2"]
[SourceVersionDate "2013.06.25"]
[SourceQuality "1"]

1. e4 c6 2. d4 d5 3. e5 c5 4. Nf3 Bg4 5. c4 cxd4 6. cxd5 Qxd5 7. Nc3 Bxf3 8.
Nxd5 Bxd1 9. Nc7+ Kd7 10. Nxa8 Bc2 11. Bd2 Nc6 12. Rc1 d3 13. h4 e6 14. Rh3
Nge7 15. Bxd3 Bxd3 16. Rxd3+ Nd5 17. b4 b5 18. a4 bxa4 19. b5 Nxe5 20. Rc7+ Kd8
21. Rd4 Bd6 22. Rxa7 Bc5 23. Ba5+ Kc8 24. Rxd5 exd5 25. Nb6+ Bxb6 26. Bxb6 Re8
27. Kd1 Nc4 28. Bd4 Re4 29. Bxg7 Rxh4 30. Rxf7 Rg4 31. Bf8 a3 32. Ra7 Rxg2 33.
Ke2 Kb8 34. Ra6 Rg6 35. Ra4 Re6+ 36. Kf1 Nd2+ 37. Kg2 Rg6+ 38. Kh3 Ne4 39. f4
Rg3+ 40. Kh4 Rb3 41. Bxa3 Rxb5 42. f5 Rb1 43. Rb4+ Rxb4 44. Bxb4 Kc7 45. Kh5
Kd7 46. Kh6 Ke8 47. Kg7 d4 48. Be1 Ng5 49. Bd2 Ne4 50. Be1 d3 51. f6 Ng5 52.
Bc3 Ne6+ 53. Kxh7 Kf7 54. Kh6 Nc5 55. Kg5 Ne4+ 56. Kf4 Nxc3 57. Ke3 Kxf6 58.
Kxd3 1/2-1/2

[Event "Geneve FIDE GP (Women)"]
[Site "Geneve"]
[Date "2013.05.05"]
[Round "3"]
[White "Kosintseva, Tatiana"]
[Black "Kosteniuk, Alexandra"]
[Result "1/2-1/2"]
[WhiteElo "2517"]
[BlackElo "2491"]
[PlyCount "91"]
[EventDate "2013.05.03"]
[EventType "tourn"]
[EventRounds "11"]
[EventCountry "SUI"]
[EventCategory "11"]
[SourceTitle "CBM 154 Extra"]
[Source "ChessBase"]
[SourceDate "2013.06.25"]
[SourceVersion "2"]
[SourceVersionDate "2013.06.25"]
[SourceQuality "1"]

1. e4 c6 2. d4 d5 3. e5 c5 4. dxc5 Nc6 5. Nf3 Bg4 6. c3 e6 7. b4 Bxf3 8. Qxf3
Qc7 9. Bf4 a6 10. Nd2 g5 11. Bg3 Nge7 12. Bd3 Bg7 13. Qe3 h6 14. f4 gxf4 15.
Bxf4 d4 16. cxd4 Nd5 17. Qf2 Nxf4 18. Qxf4 O-O-O 19. Nf3 Nxd4 20. O-O Nxf3+ 21.
Qxf3 Bxe5 22. Rad1 Bxh2+ 23. Kh1 Rd4 24. Be4 Rhd8 25. Bxb7+ Qxb7 26. Qxb7+ Kxb7
27. Rxd4 Rxd4 28. Kxh2 Rxb4 29. Rxf7+ Kc6 30. Rf6 Re4 31. Rxh6 Kxc5 32. Rh3 Re2
33. Ra3 Kb5 34. Kg3 a5 35. Kf3 Rc2 36. g4 a4 37. g5 Kb4 38. Re3 Rxa2 39. g6 Rd2
40. Rxe6 Rd7 41. Kf4 a3 42. Ra6 Kb3 43. Rb6+ Kc2 44. Rc6+ Kb3 45. Rb6+ Kc2 46.
Rc6+ 1/2-1/2

[Event "Geneve FIDE GP (Women)"]
[Site "Geneve"]
[Date "2013.05.06"]
[Round "4"]
[White "Kosteniuk, Alexandra"]
[Black "Lagno, Kateryna"]
[Result "0-1"]
[WhiteElo "2491"]
[BlackElo "2548"]
[PlyCount "94"]
[EventDate "2013.05.03"]
[EventType "tourn"]
[EventRounds "11"]
[EventCountry "SUI"]
[EventCategory "11"]
[SourceTitle "CBM 154 Extra"]
[Source "ChessBase"]
[SourceDate "2013.06.25"]
[SourceVersion "2"]
[SourceVersionDate "2013.06.25"]
[SourceQuality "1"]

1. e4 c5 2. Nf3 d6 3. d4 cxd4 4. Nxd4 Nf6 5. Nc3 a6 6. Be2 e6 7. O-O Be7 8. a4
Nc6 9. Be3 O-O 10. f4 Qc7 11. Kh1 Re8 12. Bf3 Rb8 13. Qd2 Bd7 14. Nb3 b6 15. g4
Bc8 16. g5 Nd7 17. Bg2 Na5 18. Qf2 Nc4 19. Bc1 Bb7 20. Nd4 Bf8 21. b3 Na5 22.
Bb2 Nc6 23. Nf3 Nb4 24. Rad1 d5 25. exd5 exd5 26. f5 Qf4 27. g6 Qxf5 28. Bh3
Qxg6 29. Bxd7 Red8 30. Bh3 d4 31. Ne2 d3 32. Nf4 Qh6 33. Bg2 dxc2 34. Rxd8 Rxd8
35. Nd4 Bxg2+ 36. Nxg2 Qg6 37. Qe2 Qd3 38. Qf2 f6 39. Qe1 Re8 40. Qa1 Bc5 41.
Nf5 Na2 42. Ng3 Qxb3 43. Nf4 Rd8 44. Qe1 Qxb2 45. Qe6+ Kh8 46. Nd3 Qd4 47. Re1
Qxd3 0-1

[Event "Geneve FIDE GP (Women)"]
[Site "Geneve"]
[Date "2013.05.08"]
[Round "5"]
[White "Khotenashvili, Bela"]
[Black "Kosteniuk, Alexandra"]
[Result "1-0"]
[WhiteElo "2505"]
[BlackElo "2491"]
[PlyCount "135"]
[EventDate "2013.05.03"]
[EventType "tourn"]
[EventRounds "11"]
[EventCountry "SUI"]
[EventCategory "11"]
[SourceTitle "CBM 154 Extra"]
[Source "ChessBase"]
[SourceDate "2013.06.25"]
[SourceVersion "2"]
[SourceVersionDate "2013.06.25"]
[SourceQuality "1"]

1. d4 d5 2. c4 e6 3. Nf3 Nf6 4. g3 dxc4 5. Bg2 a6 6. O-O Nc6 7. e3 Bd7 8. Qe2
b5 9. b3 cxb3 10. axb3 Be7 11. Bb2 O-O 12. Rc1 Nd5 13. Nc3 Bb4 14. Ne4 a5 15.
Nc5 Be8 16. e4 Nb6 17. d5 exd5 18. exd5 Qe7 19. Ne4 Nxd5 20. Nh4 f5 21. Qxb5
Rd8 22. Ng5 Qd6 23. Rd1 Nce7 24. Qe2 Rd7 25. Ne6 Bh5 26. Qxh5 Qxe6 27. Nf3 Qe2
28. Bd4 Nf6 29. Qg5 c5 30. Bf1 Qxf3 31. Bxf6 Rxf6 32. Rxd7 h6 33. Bc4+ Kh8 34.
Qe3 Qxe3 35. fxe3 Nc6 36. Rad1 Ne5 37. Rd8+ Kh7 38. Bg8+ Kg6 39. R1d6 c4 40.
Rxf6+ Kxf6 41. Bxc4 Bc5 42. Kg2 Ng4 43. Rc8 Bxe3 44. Rc6+ Ke5 45. Kf3 Bd2 46.
Ke2 Bb4 47. h3 Nf6 48. Ke3 Nd5+ 49. Bxd5 Kxd5 50. Rg6 Bc3 51. Kf4 Bf6 52. Kxf5
Kd4 53. Rg4+ Kc3 54. Ra4 Bd8 55. Kg6 Kxb3 56. Ra1 Bc7 57. Re1 Kc2 58. Re3 Bb6
59. Re4 Kb3 60. Kxg7 a4 61. Re8 Bc7 62. Kxh6 a3 63. Re3+ Kb4 64. Rxa3 Kxa3 65.
g4 Kb3 66. g5 Bf4 67. h4 Kc4 68. Kh7 1-0

[Event "Geneve FIDE GP (Women)"]
[Site "Geneve"]
[Date "2013.05.09"]
[Round "6"]
[White "Kosteniuk, Alexandra"]
[Black "Ushenina, Anna"]
[Result "0-1"]
[WhiteElo "2491"]
[BlackElo "2491"]
[Annotator "CB"]
[PlyCount "84"]
[EventDate "2013.05.03"]
[EventType "tourn"]
[EventRounds "11"]
[EventCountry "SUI"]
[EventCategory "11"]
[SourceTitle "CBM 154 Extra"]
[Source "ChessBase"]
[SourceDate "2013.06.25"]
[SourceVersion "2"]
[SourceVersionDate "2013.06.25"]
[SourceQuality "1"]

1. e4 c5 2. Nf3 d6 3. d4 cxd4 4. Nxd4 Nf6 5. Nc3 a6 6. Bg5 Nbd7 7. Qe2 h6 8.
Bh4 g6 9. f4 e5 10. fxe5 Nxe5 11. h3 Be7 12. Bf2 b5 13. g4 Bb7 14. Bg2 Rc8 15.
Nd5 Nxd5 16. exd5 Qa5+ 17. c3 O-O 18. O-O ({White could have tried} 18. Nc6)
18... Rfe8 19. Be3 Bf8 20. Qf2 Qc7 21. Rad1 Bg7 22. Bf4 Qd7 23. Bc1 ({... or} 
23. Bxe5 Rxe5 24. Nc6 {but for some reason the former world champion avoided
playing this move today.}) 23... b4 24. Ne2 a5 25. Qb6 Nc4 26. Qf2 Ne5 27. Qb6
Nc4 28. Qf2 bxc3 29. Nxc3 Nxb2 30. Bxb2 Bxc3 31. Bc1 ({White could have kept
chances of holding the position by playing} 31. Bxc3) 31... Ba6 {Now the
position is absolutly winning for Black.} 32. Bxh6 Bxf1 33. Rxf1 Bg7 34. Bf4
Rc4 35. Kh1 Be5 36. Bh6 Rb4 37. Qd2 Reb8 38. a3 Rb1 39. Qxa5 Rxf1+ 40. Bxf1 Qb7
41. Qd2 Qb1 42. Qd3 Qa2 0-1

[Event "Geneve FIDE GP (Women)"]
[Site "Geneve"]
[Date "2013.05.10"]
[Round "7"]
[White "Batchimeg, Tuvshintugs"]
[Black "Kosteniuk, Alexandra"]
[Result "0-1"]
[WhiteElo "2298"]
[BlackElo "2491"]
[PlyCount "158"]
[EventDate "2013.05.03"]
[EventType "tourn"]
[EventRounds "11"]
[EventCountry "SUI"]
[EventCategory "11"]
[SourceTitle "CBM 154 Extra"]
[Source "ChessBase"]
[SourceDate "2013.06.25"]
[SourceVersion "2"]
[SourceVersionDate "2013.06.25"]
[SourceQuality "1"]

1. d4 Nf6 2. Nf3 e6 3. e3 b6 4. Bd3 Bb7 5. O-O c5 6. Nbd2 Nc6 7. b3 Be7 8. Bb2
O-O 9. a3 Re8 10. Qe2 cxd4 11. exd4 Bf8 12. Ne4 Nxe4 13. Qxe4 f5 14. Qf4 Ne7
15. c4 Ng6 16. Qg3 Qb8 17. Ne5 Nxe5 18. dxe5 Bc6 19. Rfd1 Qb7 20. Be2 Be7 21.
Rd2 Rf8 22. Bf3 Rad8 23. Rad1 Kf7 24. Bxc6 dxc6 25. Qh3 Kg8 26. Rxd8 Rxd8 27.
Rxd8+ Bxd8 28. Qd3 Be7 29. Kf1 Kf7 30. Ke2 b5 31. f3 a5 32. cxb5 cxb5 33. Bc3
Qb6 34. Bd4 Qc6 35. Bc3 Qc5 36. Bd4 Qc6 37. Bb2 h5 38. Qc3 Qd5 39. Qd3 Qc5 40.
Kf1 g5 41. Bc3 g4 42. b4 axb4 43. Bxb4 Qc1+ 44. Kf2 Bxb4 45. axb4 Qb2+ 46. Kf1
Qxe5 47. Qd7+ Kg6 48. Qe8+ Kg5 49. Qd8+ Kh6 50. Qf8+ Qg7 51. Qe8 Qa1+ 52. Kf2
Qd4+ 53. Kf1 Qc4+ 54. Kf2 gxf3 55. gxf3 Qd4+ 56. Kg2 Qd2+ 57. Kh3 Qe2 58. Qf8+
Kg5 59. Qg7+ Kf4 60. Qh6+ Kxf3 61. Qxh5+ Ke3 62. Qg5+ Ke4 63. Qg6 Kd5 64. Qg5
Qf1+ 65. Kh4 Qf2+ 66. Kh3 Qf3+ 67. Kh4 e5 68. Qd8+ Ke4 69. h3 Qc3 70. Qd6 f4
71. Qg6+ Kf3 72. Kg5 e4 73. Qd6 Qg7+ 74. Kf5 Qf7+ 75. Kg5 e3 76. Qc6+ Kf2 77.
Kg4 Qg7+ 78. Kf5 e2 79. Qc5+ Kg2 0-1

[Event "Geneve FIDE GP (Women)"]
[Site "Geneve"]
[Date "2013.05.11"]
[Round "8"]
[White "Kosteniuk, Alexandra"]
[Black "Ju, Wenjun"]
[Result "1-0"]
[WhiteElo "2491"]
[BlackElo "2544"]
[PlyCount "107"]
[EventDate "2013.05.03"]
[EventType "tourn"]
[EventRounds "11"]
[EventCountry "SUI"]
[EventCategory "11"]
[SourceTitle "CBM 154 Extra"]
[Source "ChessBase"]
[SourceDate "2013.06.25"]
[SourceVersion "2"]
[SourceVersionDate "2013.06.25"]
[SourceQuality "1"]

1. d4 Nf6 2. c4 g6 3. Nc3 Bg7 4. e4 d6 5. f3 O-O 6. Bg5 c5 7. d5 e6 8. Qd2 h6
9. Bxh6 Nxe4 10. Nxe4 Qh4+ 11. g3 Qxh6 12. Qxh6 Bxh6 13. Nxd6 exd5 14. cxd5 Nd7
15. f4 Nb6 16. O-O-O Rd8 17. Nxc8 Raxc8 18. Bh3 Rc7 19. d6 Rc6 20. d7 f5 21.
Nf3 Re6 22. Bg2 Rxd7 23. Rxd7 Nxd7 24. Nd2 Nb6 25. Bxb7 g5 26. fxg5 Bxg5 27. h4
Bh6 28. Rh2 Re3 29. Rg2 c4 30. Kc2 Kh8 31. g4 fxg4 32. Rxg4 Re2 33. Rg2 Re3 34.
Ne4 Bg7 35. Nd6 Re7 36. Be4 Be5 37. Nf5 Rc7 38. Rg5 c3 39. b3 Bf4 40. Rg4 Be5
41. h5 Rf7 42. Rg6 Rd7 43. Rg2 Nc8 44. Bd3 Rd8 45. h6 Bf6 46. h7 Rf8 47. Rg6
Nb6 48. Nh6 Bg7 49. Rd6 Nc8 50. Re6 Nb6 51. Nf5 Nd5 52. Nxg7 Kxg7 53. Rg6+ Kh8
54. Rg8+ 1-0

[Event "Geneve FIDE GP (Women)"]
[Site "Geneve"]
[Date "2013.05.13"]
[Round "9"]
[White "Cmilyte, Viktorija"]
[Black "Kosteniuk, Alexandra"]
[Result "1/2-1/2"]
[WhiteElo "2522"]
[BlackElo "2491"]
[PlyCount "140"]
[EventDate "2013.05.03"]
[EventType "tourn"]
[EventRounds "11"]
[EventCountry "SUI"]
[EventCategory "11"]
[SourceTitle "CBM 154 Extra"]
[Source "ChessBase"]
[SourceDate "2013.06.25"]
[SourceVersion "2"]
[SourceVersionDate "2013.06.25"]
[SourceQuality "1"]

1. d4 d5 2. c4 e6 3. Nf3 Nf6 4. Bg5 h6 5. Bh4 dxc4 6. Qa4+ Nc6 7. Bxf6 Qxf6 8.
Nc3 Bb4 9. e3 O-O 10. Bxc4 e5 11. O-O exd4 12. Nd5 Qd6 13. Nxd4 Nxd4 14. Qxb4
Qxb4 15. Nxb4 Nf5 16. Rfd1 Ne7 17. Nd3 Rd8 18. Nc5 Rd6 19. Ne4 Rd7 20. Nc5 Rd6
21. Bb3 a5 22. Rac1 Nf5 23. Ne4 Rxd1+ 24. Rxd1 Kf8 25. Rd8+ Ke7 26. Rg8 b6 27.
Bd5 Bb7 28. Rxa8 Bxd5 29. Ra7 Kd7 30. Nc5+ bxc5 31. Rxa5 Kc6 32. b3 Nd6 33. f3
Kb6 34. Ra4 Nb5 35. Rg4 g6 36. Rh4 h5 37. e4 Be6 38. f4 f5 39. exf5 Bxf5 40. h3
Nd4 41. Kf2 Be4 42. f5 Bxf5 43. b4 Bd3 44. Rf4 Nc2 45. Rf6+ c6 46. bxc5+ Kxc5
47. g4 hxg4 48. hxg4 Nb4 49. a4 Nd5 50. Re6 Nb4 51. Ke3 Bc2 52. Kd2 Kd5 53. Rf6
Kc5 54. Re6 Bb1 55. Re8 Ba2 56. Rb8 Be6 57. g5 Na6 58. Rb7 Bc8 59. Rg7 Bf5 60.
Rb7 Kc4 61. Rb6 Nb4 62. a5 Bc8 63. Rb8 Bf5 64. Rb6 Kc5 65. Rb8 Na6 66. Rb7 Bc8
67. Rg7 Bf5 68. Rb7 Bc8 69. Rg7 Bf5 70. Rb7 Kd5 1/2-1/2

[Event "Geneve FIDE GP (Women)"]
[Site "Geneve"]
[Date "2013.05.14"]
[Round "10"]
[White "Kosteniuk, Alexandra"]
[Black "Hou, Yifan"]
[Result "1/2-1/2"]
[WhiteElo "2491"]
[BlackElo "2617"]
[PlyCount "190"]
[EventDate "2013.05.03"]
[EventType "tourn"]
[EventRounds "11"]
[EventCountry "SUI"]
[EventCategory "11"]
[SourceTitle "CBM 154 Extra"]
[Source "ChessBase"]
[SourceDate "2013.06.25"]
[SourceVersion "2"]
[SourceVersionDate "2013.06.25"]
[SourceQuality "1"]

1. e4 c5 2. c3 d5 3. exd5 Qxd5 4. Nf3 Nf6 5. d4 Nc6 6. Be2 cxd4 7. cxd4 e6 8.
Nc3 Qd6 9. O-O Be7 10. Nb5 Qd8 11. Bf4 Nd5 12. Bg3 O-O 13. Bc4 a6 14. Nc3 Bf6
15. Ne4 Be7 16. Nc3 Nf6 17. Bb3 Na5 18. Bc2 b5 19. Ne5 Bb7 20. Ne2 Rc8 21. Rc1
Nc4 22. b3 Nb6 23. Nd3 Ba3 24. Nc5 Ba8 25. Ra1 Bxc5 26. dxc5 Rxc5 27. Qb1 Nbd5
28. Be5 h6 29. Qb2 Ng4 30. Bg3 Qd7 31. Rac1 Rfc8 32. Bb1 Qb7 33. Rxc5 Rxc5 34.
Qd4 Rc8 35. Qxg4 Ne3 36. Qf3 Qxf3 37. gxf3 Nxf1 38. Kxf1 Bxf3 39. Bf4 e5 40.
Bd2 h5 41. Nc3 Rd8 42. Be1 Rd4 43. Bf5 b4 44. Nb1 g6 45. Bc8 a5 46. Nd2 Bc6 47.
Ba6 Rd8 48. Be2 f6 49. Nc4 Ra8 50. Bd2 Kg7 51. Ke1 Be4 52. Nb6 Rd8 53. Nc4 Ra8
54. Nb6 Ra7 55. Be3 Bb1 56. Kd2 Rc7 57. Nc4 Bxa2 58. Nxa5 Rc3 59. Bc4 h4 60.
Ke1 Bb1 61. Bd2 Rh3 62. Kf1 Rxh2 63. Kg1 Rh3 64. Bf1 Rc3 65. Bxc3 bxc3 66. b4
Bc2 67. b5 Ba4 68. b6 c2 69. b7 c1=Q 70. b8=Q Qg5+ 71. Kh1 Qd2 72. Qa7+ Kh6 73.
Qc5 Bc2 74. Qf8+ Kg5 75. Qc5 Be4+ 76. Kg1 Kh6 77. Qf8+ Kg5 78. Qc5 Qf4 79. Nc4
Qf3 80. Qe3+ Qxe3 81. Nxe3 f5 82. Bc4 Kf4 83. Nd5+ Bxd5 84. Bxd5 e4 85. Kg2 g5
86. Be6 Ke5 87. Bc8 Kf4 88. Be6 Ke5 89. Bc8 f4 90. f3 Kd4 91. fxe4 Kxe4 92. Bg4
Ke3 93. Bh5 Kd4 94. Bg4 Ke4 95. Kf2 Ke5 1/2-1/2

[Event "Geneve FIDE GP (Women)"]
[Site "Geneve"]
[Date "2013.05.15"]
[Round "11"]
[White "Muzychuk, Anna"]
[Black "Kosteniuk, Alexandra"]
[Result "1/2-1/2"]
[WhiteElo "2585"]
[BlackElo "2491"]
[PlyCount "57"]
[EventDate "2013.05.03"]
[EventType "tourn"]
[EventRounds "11"]
[EventCountry "SUI"]
[EventCategory "11"]
[SourceTitle "CBM 154 Extra"]
[Source "ChessBase"]
[SourceDate "2013.06.25"]
[SourceVersion "2"]
[SourceVersionDate "2013.06.25"]
[SourceQuality "1"]

1. e4 c6 2. Nc3 d5 3. Nf3 Bg4 4. h3 Bxf3 5. Qxf3 e6 6. d4 dxe4 7. Qxe4 Nd7 8.
g3 g6 9. Bg2 Bg7 10. O-O Ne7 11. Bg5 h6 12. Be3 Nf5 13. Rad1 Nxe3 14. Qxe3 O-O
15. Ne4 Qb6 16. Qa3 Rfd8 17. c3 a5 18. Qa4 Nf6 19. Qc2 Nxe4 20. Bxe4 a4 21.
Rfe1 Rd6 22. h4 Qa5 23. Re2 Rad8 24. Rde1 b6 25. Bf3 Qf5 26. Be4 Qa5 27. Bf3
Qf5 28. Be4 Qa5 29. Bf3 1/2-1/2

[Event "Geneve Masters GpB"]
[Site "Geneve"]
[Date "2013.06.26"]
[Round "1.1"]
[White "Bacrot, Etienne"]
[Black "Kosteniuk, Alexandra"]
[Result "1-0"]
[WhiteElo "2725"]
[BlackElo "2489"]
[PlyCount "137"]
[EventDate "2013.06.26"]
[EventType "tourn (rapid)"]
[EventRounds "3"]
[EventCountry "SUI"]
[EventCategory "17"]
[SourceTitle "CBM 155 Extra"]
[Source "ChessBase"]
[SourceDate "2013.08.26"]
[SourceVersion "1"]
[SourceVersionDate "2013.08.26"]
[SourceQuality "1"]

1. d4 d5 2. Nf3 Nf6 3. g3 c6 4. c4 g6 5. Bg2 Bg7 6. cxd5 Nxd5 7. O-O O-O 8. e4
Nb6 9. h3 Na6 10. Nc3 Nc7 11. a4 a5 12. Qb3 Na6 13. Be3 Nb4 14. Rad1 Be6 15. d5
cxd5 16. Ng5 Bd7 17. exd5 Bf5 18. Nge4 Rc8 19. g4 Bxe4 20. Nxe4 Nc4 21. Bc5
Nxb2 22. Rd2 N2d3 23. Rxd3 Nxd3 24. Qxd3 f5 25. gxf5 gxf5 26. Ng5 Rxc5 27. Ne6
Qd6 28. Nxf8 Bxf8 29. Qxf5 Rc4 30. Kh1 Qf6 31. Qd7 Rf4 32. Rg1 Kh8 33. d6 Qxd6
34. Bd5 h6 35. Qxb7 e6 36. Qb2+ Kh7 37. Be4+ Rf5 38. Bxf5+ exf5 39. Qb7+ Kh8
40. Qb2+ Kh7 41. Qb7+ Kh8 42. Qf3 Qe5 43. Qg3 Qd5+ 44. Qg2 Qc4 45. f3 Qd5 46.
Qg3 Kh7 47. Rg2 Qd1+ 48. Kh2 Qd5 49. Qg6+ Kh8 50. Qf6+ Kh7 51. Qg6+ Kh8 52. Qg3
Bd6 53. f4 Qf7 54. Kh1 Kh7 55. h4 Bf8 56. Kh2 Bd6 57. Kh3 Bf8 58. Qd3 Qe6 59.
h5 Be7 60. Qg3 Bf8 61. Qg6+ Qxg6 62. Rxg6 Bb4 63. Kg3 Bc3 64. Kf3 Bg7 65. Rd6
Kg8 66. Rd5 Bc3 67. Rxf5 Kg7 68. Ke4 Bd2 69. Kd5 1-0

[Event "Geneve Masters GpB"]
[Site "Geneve"]
[Date "2013.06.28"]
[Round "3.2"]
[White "Edouard, Romain"]
[Black "Kosteniuk, Alexandra"]
[Result "0-1"]
[WhiteElo "2666"]
[BlackElo "2489"]
[PlyCount "80"]
[EventDate "2013.06.26"]
[EventType "tourn (rapid)"]
[EventRounds "3"]
[EventCountry "SUI"]
[EventCategory "17"]
[SourceTitle "CBM 155 Extra"]
[Source "ChessBase"]
[SourceDate "2013.08.26"]
[SourceVersion "1"]
[SourceVersionDate "2013.08.26"]
[SourceQuality "1"]

1. Nf3 d5 2. d4 Nf6 3. Bg5 e6 4. e3 h6 5. Bh4 Be7 6. Nbd2 b6 7. Bd3 c5 8. c3
Bb7 9. Ne5 Nfd7 10. Bxe7 Qxe7 11. f4 Nc6 12. O-O Ndxe5 13. fxe5 O-O-O 14. b4
cxb4 15. c4 Qg5 16. Qe2 Rhf8 17. cxd5 exd5 18. a3 Kb8 19. Bb5 Rc8 20. Bxc6 Rxc6
21. axb4 Rc3 22. Rf3 Qe7 23. b5 f6 24. Qf2 Bc8 25. Rf1 f5 26. Qg3 g5 27. Qe1
Rc2 28. Nb1 Be6 29. g4 f4 30. exf4 gxf4 31. Rxf4 Rxf4 32. Rxf4 Qg5 33. Qe3 Bxg4
34. Rf8+ Kc7 35. Qxg5 hxg5 36. Rf7+ Kd8 37. Na3 Ra2 38. Nb1 Ra1 39. Rf1 Be2 40.
Re1 Bd3 0-1

[Event "SUI-ch 113th"]
[Site "Graechen"]
[Date "2013.07.18"]
[Round "8"]
[White "Huss, Andreas"]
[Black "Kosteniuk, Alexandra"]
[Result "0-1"]
[WhiteElo "2346"]
[BlackElo "2489"]
[PlyCount "56"]
[EventDate "2013.07.11"]
[EventType "swiss"]
[EventRounds "9"]
[EventCountry "SUI"]
[SourceTitle "CBM 155 Extra"]
[Source "ChessBase"]
[SourceDate "2013.08.26"]
[SourceVersion "1"]
[SourceVersionDate "2013.08.26"]
[SourceQuality "1"]

1. d4 Nf6 2. c4 e6 3. Nf3 Bb4+ 4. Nbd2 O-O 5. a3 Be7 6. e4 d6 7. Bd3 e5 8. d5
a5 9. Bc2 Nbd7 10. Rb1 Nh5 11. g3 g6 12. h4 c6 13. Nf1 a4 14. Ne3 Nc5 15. Bd2
Nf6 16. Ng5 h6 17. Qf3 hxg5 18. hxg5 Nh7 19. Nf5 Bxg5 20. Ke2 Bxd2 21. Rxh7
Kxh7 22. Rh1+ Kg8 23. Kxd2 Qg5+ 24. Ne3 Kg7 25. Rh4 Bd7 26. Qg2 Rh8 27. f4 exf4
28. Rxf4 Qe5 0-1

[Event "EU-ch (Women) 14th"]
[Site "Belgrade"]
[Date "2013.08.03"]
[Round "11"]
[White "Kovalevskaya, Ekaterina"]
[Black "Kosteniuk, Alexandra"]
[Result "0-1"]
[WhiteElo "2407"]
[BlackElo "2489"]
[PlyCount "118"]
[EventDate "2013.07.23"]
[EventType "swiss"]
[EventRounds "11"]
[EventCountry "SRB"]
[SourceTitle "CBM 155 Extra"]
[Source "ChessBase"]
[SourceDate "2013.08.26"]
[SourceVersion "1"]
[SourceVersionDate "2013.08.26"]
[SourceQuality "1"]

1. c4 Nf6 2. Nf3 e6 3. g3 d5 4. Bg2 dxc4 5. Qa4+ Nbd7 6. O-O a6 7. Qxc4 b5 8.
Qc2 Bb7 9. b3 Be7 10. Bb2 c5 11. d3 O-O 12. Nc3 Qb6 13. e4 Rac8 14. Qe2 Bd6 15.
Nd1 Ng4 16. d4 cxd4 17. Bxd4 Bc5 18. Bb2 f6 19. a4 bxa4 20. bxa4 a5 21. Qb5 Ba6
22. Qxb6 Nxb6 23. Re1 Rfd8 24. Bh3 h5 25. Ba3 Nxa4 26. Bxc5 Nxc5 27. Ne3 Nxe3
28. Rxe3 a4 29. Ne1 Kf7 30. f3 Bb5 31. Bf1 Rb8 32. Bxb5 Rxb5 33. Rc3 Rd2 34.
Nc2 Nd3 35. Ne3 Rb3 36. Rc7+ Kg6 37. Nf1 Rf2 38. f4 h4 39. f5+ exf5 40. exf5+
Rxf5 41. Rxa4 Ne5 42. Raa7 Nf3+ 43. Kh1 Ng5 44. Rxg7+ Kh5 45. Ra1 h3 46. Rd7
Rf2 47. Rd2 Rb2 48. Rxb2 Rxb2 49. Ra4 Nf3 50. Rf4 Rf2 51. Rxf3 Rxf3 52. Kg1 f5
53. Nd2 Rd3 54. Nf1 Ra3 55. Kf2 Ra2+ 56. Kf3 Rg2 57. Ke3 Kg4 58. Kd4 Kf3 59.
Kd3 Ra2 0-1

[Event "Rockville Razuvaev Memorial"]
[Site "Rockville"]
[Date "2013.08.08"]
[Round "1"]
[White "Tukmakov, Vladimir B"]
[Black "Kosteniuk, Alexandra"]
[Result "1/2-1/2"]
[WhiteElo "2545"]
[BlackElo "2488"]
[PlyCount "65"]
[EventDate "2013.08.08"]
[EventType "schev"]
[EventRounds "4"]
[EventCountry "USA"]
[SourceTitle "CBM 155 Extra"]
[Source "ChessBase"]
[SourceDate "2013.08.26"]
[SourceVersion "1"]
[SourceVersionDate "2013.08.26"]
[SourceQuality "1"]
[WhiteTeam "Friends of Razuvaev"]
[BlackTeam "Women"]

1. c4 Nf6 2. Nf3 e6 3. g3 d5 4. Bg2 dxc4 5. Qa4+ c6 6. Qxc4 b5 7. Qb3 Bb7 8.
O-O Nbd7 9. d4 Be7 10. Ne5 Nxe5 11. dxe5 Nd5 12. Nc3 O-O 13. Rd1 Qc7 14. Nxd5
cxd5 15. Qxb5 a5 16. e4 Ba6 17. Qa4 d4 18. Rxd4 Bc5 19. Rd1 Qb6 20. Qc2 Rac8
21. Bf4 h6 22. h4 Bd4 23. Qd2 Bxb2 24. Be3 Qb4 25. Rab1 Qxd2 26. Bxd2 Bc3 27.
Bxc3 Rxc3 28. Rb6 Bd3 29. Rd6 Bc2 30. R1d4 g5 31. hxg5 hxg5 32. Bf1 Rb8 33.
Rd8+ 1/2-1/2

[Event "Rockville Razuvaev Memorial"]
[Site "Rockville"]
[Date "2013.08.09"]
[Round "2"]
[White "Kosteniuk, Alexandra"]
[Black "Gulko, Boris F"]
[Result "1/2-1/2"]
[WhiteElo "2488"]
[BlackElo "2533"]
[PlyCount "77"]
[EventDate "2013.08.08"]
[EventType "schev"]
[EventRounds "4"]
[EventCountry "USA"]
[SourceTitle "CBM 155 Extra"]
[Source "ChessBase"]
[SourceDate "2013.08.26"]
[SourceVersion "1"]
[SourceVersionDate "2013.08.26"]
[SourceQuality "1"]
[WhiteTeam "Women"]
[BlackTeam "Friends of Razuvaev"]

1. e4 c5 2. Nf3 Nc6 3. d4 cxd4 4. Nxd4 Nf6 5. Nc3 d6 6. Bg5 e6 7. Qd2 Be7 8.
O-O-O O-O 9. f4 h6 10. Bh4 Nxd4 11. Qxd4 Qa5 12. e5 dxe5 13. Qxe5 Qxe5 14. fxe5
Nd5 15. Bxe7 Nxe7 16. Bd3 b6 17. Be4 Rb8 18. Rhe1 Bb7 19. Rd7 Bxe4 20. Rxe4 Nc6
21. Nb5 Rfd8 22. Rc7 Rdc8 23. Rxc8+ Rxc8 24. Rc4 Ne7 25. Rxc8+ Nxc8 26. Kd2 Kf8
27. Ke3 Ke7 28. c4 Kd7 29. g4 a6 30. Nd4 Ne7 31. Ke4 f6 32. h4 Ng6 33. Nf3 a5
34. b3 Ne7 35. a3 Nc6 36. Kf4 Ke7 37. Ke4 Kd7 38. Kf4 Ke7 39. Ke4 1/2-1/2

[Event "Rockville Razuvaev Memorial"]
[Site "Rockville"]
[Date "2013.08.10"]
[Round "3"]
[White "Alburt, Lev O"]
[Black "Kosteniuk, Alexandra"]
[Result "1-0"]
[WhiteElo "2539"]
[BlackElo "2488"]
[PlyCount "55"]
[EventDate "2013.08.08"]
[EventType "schev"]
[EventRounds "4"]
[EventCountry "USA"]
[SourceTitle "CBM 155 Extra"]
[Source "ChessBase"]
[SourceDate "2013.08.26"]
[SourceVersion "1"]
[SourceVersionDate "2013.08.26"]
[SourceQuality "1"]
[WhiteTeam "Friends of Razuvaev"]
[BlackTeam "Women"]

1. d4 Nf6 2. Nc3 d5 3. Bg5 Nbd7 4. Nf3 h6 5. Bf4 c6 6. e3 g5 7. Bg3 Nh5 8. Be5
Nxe5 9. Nxe5 Nf6 10. h4 Rg8 11. hxg5 Rxg5 12. Qf3 Be6 13. Bd3 Qd6 14. Rh4 Qb4
15. O-O-O O-O-O 16. g4 Kb8 17. Qg3 Qd6 18. f4 Rg8 19. Qf3 Ne4 20. Bxe4 dxe4 21.
Nxe4 Bd5 22. Nxd6 Bxf3 23. Ndxf7 Bxd1 24. Nxd8 Bg7 25. Ndxc6+ bxc6 26. Kxd1 Kc7
27. Nf7 c5 28. Nxh6 1-0